00790 2200265 4500001002100000005001500021035002000036007000300056008004100059020002200100082001000122084001600132100001800148245014400166250001000310260003800320300003100358650002400389700001700413700002100430700002100451520003000472990001100502990001100513INLIS00000000000459020191209032603 a0010-1219000042ta191209 g 0 ind  a978-602-50759-1-9 a741.5 a741.5 FAD k0 aFADILA, Hanum1 aKidzopedia :bKumpulan Pengetahuan Anak Hebat Hewan dan Tumbuhan /cFadila Hanum, Tin Zulaeha; penyunting, Anggita Linggar, Sulistyo Wibowo acet.1 aSurakarta :bBintang Kelas,c2017 a207 hlm. :bilus. ;c25 cm 4aGAMBAR. KOMIK HEWAN0 aTIN, Zulaeha0 aANGGITA, Linggar0 aSULISTYO, Wibowo aBibliografi: hlm. 205-207 a7266 a a7266 b